000 00826nam a2200253Ia 4500
003 OSt
005 20220930092133.0
006 a|||||r|||| 00| 0
007 ta
008 220926b |||||||| |||| 00| 0 eng d
024 _a12334
037 _cTheses
040 _aCRL
_cCRL
_beng
041 _2eng
_aeng
100 _aBaweja Mani
_9547933
110 _aUniversity of Delhi. UAMS & GTB Hospital. Department of Paedodontics
_9547934
245 0 _aEffaect of different patterns of brestfeeding on oral health status of children at 3-5 years of age
260 _c2013
650 _aCHILDREN - DISEASES
700 _a Kalra Namita Gu.
_9547935
700 _aUniversity of Delhi. UAMS & GTB Hospital. Department of Paedodontics
_9547936
942 _cDIS
_2CC
999 _c883289
_d883289